Изучение процесса катодного выделения висмута: автореферат диссертации на соискание ученой степени кандидата химических наук

Podrobná bibliografie
Hlavní autor: Дубяго Е. И.
Korporativní autor: Академия наук Украинской ССР (АН УССР) Институт общей и неорганической химии
Další autoři: Лошкарев М. А. (научный руководитель)
Shrnutí:Защита сост. в июне 1961 г.
Jazyk:ruština
Vydáno: Киев, [Б. и.], 1961
Témata:
Médium: Kniha
KOHA link:https://koha.lib.tpu.ru/cgi-bin/koha/opac-detail.pl?biblionumber=336314

MARC

LEADER 00000nam0a2200000 4500
001 336314
005 20231102004837.0
035 |a (RuTPU)RU\TPU\book\362730 
090 |a 336314 
100 |a 20171012d1961 k y0rusy50 ca 
101 0 |a rus 
102 |a UA 
105 |a a dm 001zy 
200 1 |a Изучение процесса катодного выделения висмута  |e автореферат диссертации на соискание ученой степени кандидата химических наук  |f Е. И. Дубяго  |g Академия наук Украинской ССР (АН УССР), Институт общей и неорганической химии ; науч. рук. М. А. Лошкарев 
210 |a Киев  |c [Б. и.]  |d 1961 
215 |a 15 с.  |c табл. 
300 |a Защита сост. в июне 1961 г. 
320 |a Библиогр.: с. 15 (5 назв.) 
606 1 |a Висмут  |x Электрохимия  |2 stltpush  |3 (RuTPU)RU\TPU\subj\76882  |9 87655 
610 1 |a электрохимические процессы 
610 1 |a катодное выделение 
610 1 |a электролиты 
610 1 |a полярограммы 
610 1 |a адсорбция 
610 1 |a добавки 
610 1 |a ртутные электроды 
610 1 |a библиотека А. Г. Стромберга 
610 1 |a авторефераты диссертаций 
675 |a 546.87(04)  |v 4 
700 1 |a Дубяго  |b Е. И. 
702 1 |a Лошкарев  |b М. А.  |4 727 
712 0 2 |a Академия наук Украинской ССР (АН УССР)  |b Институт общей и неорганической химии  |2 stltpush  |3 (RuTPU)RU\TPU\col\11826 
801 1 |a RU  |b 63413507  |c 20171012 
801 2 |a RU  |b 63413507  |c 20180201  |g RCR 
942 |c BK